Statistics for Countries where North Korea has embassies

Click here to take the quiz!

General Stats

  • This quiz has been taken 26 times
  • The average score is 32 of 49

Answer Stats

Answer% Correct
China
90%
Cuba
90%
Russia
90%
United Kingdom
90%
India
85%
Indonesia
85%
Malaysia
85%
South Africa
85%
Vietnam
85%
Mexico
80%
Mongolia
80%
Syria
80%
Bangladesh
75%
Belarus
75%
Germany
75%
Iran
75%
Laos
75%
Myanmar
75%
Pakistan
75%
Poland
75%
Singapore
75%
Spain
75%
Switzerland
75%
Algeria
70%
Brazil
70%
Japan
70%
Sweden
70%
Thailand
70%
Austria
65%
Cambodia
65%
Czech Republic
65%
Egypt
65%
Nepal
65%
Nigeria
65%
Ethiopia
60%
Italy
60%
Yemen
60%
Peru
55%
Angola
50%
Bulgaria
50%
Kuwait
50%
Ghana
45%
Romania
45%
Libya
40%
Tanzania
40%
Cameroon
35%
Uganda
35%
Guinea
30%
Equitorial Guinea
0%

Score Distribution

Percentile by Number Answered

Percent of People with Each Score

Your Score History

You have not taken this quiz